Biblioteca

Investigación-acción educativa : Una estrategia de transformación de práctica pedagógica de los maestros / Bernardo Restrepo Gómez, [et all] (Registro nro. 42121)

Detalles MARC
000 -LÍDER
Campo fijo de descripción fija 009220000a22001930004500
020 ## - NÚMERO INTERNACIONAL NORMALIZADO PARA LIBROS
Número Internacional Normalizado del libro 958-704-210-7
041 0# - CÓDIGO DE IDIOMA
Código de idioma para texto/pista de sonido o título separado
082 04 - NÚMERO DE CLASIFICACIÓN DECIMAL DEWEY
Número de clasificación G 370 R4364i
001 - NÚMERO DE CONTROL
Campo de control 13129
245 10 - TÍTULO
Título del Material Investigación-acción educativa : Una estrategia de transformación de práctica pedagógica de los maestros / Bernardo Restrepo Gómez, [et all]
260 ## - PUBLICACIÓN, DISTRIBUCIÓN, ETC. (PIE DE IMPRENTA)
Lugar de publicación, distribución, etc. Bogotá : Aguilar
300 ## - DESCRIPCIÓN FÍSICA
Extensión 220 p.
336 ## - CONTENT TYPE
Content type term texto
Content type code txt
Source rdacontent
337 ## - MEDIA TYPE
Source rdamedia
Media type term sin mediación
Media type code n
338 ## - CARRIER TYPE
Source rdacarrier
Carrier type term volumen
Carrier type code nc
505 00 - NOTA DE CONTENIDO
Nota de contenido con formato preestablecido Motivos para construir un modelo de capacitación pedagógica basada en la investigación -- Estado del arte sobre la investigación-acción educativa y prototipo creado en este proyecto -- Objeto de estudio del proyecto, objetivos e hipótesis central. -- Metodología del proyecto -- Validación y aceptación del modelo.
650 14 - ASIENTO SECUNDARIO DE MATERIA - TERMINO TEMÁTICO
Término temático o nombre geográfico como elemento de entrada EDUCACION - INVESTIGACIONES \ METODOS DE ENSEÑANZA
942 ## - TIPO DE MATERIAL (KOHA)
Tipo de Item KOHA Libros General
Existencias
Estado de Material Estado de Perdido Estado de Dañado No para Préstamo Colección Tomo Biblioteca de Origen Biblioteca Permanente Fecha de Adquisición Total de Préstamos Signatura Topográfica Código de Barras Última vez visto Última vez Préstado Ejemplar/Existencia Fecha de Remplazo Tipo de Material
        Colección General   Biblioteca FUSBC Biblioteca FUSBC 31/03/2011 1 G 370 R4364i 26458 31/05/2023 31/05/2023 1 26/01/2016 Libros General

Biblioteca FUSBC | Teléfono: (57+4) 349 88 10 Ext. 141| WhatsApp (+57) 3005338115 
E-mail: biblioteca@unisbc.edu.co | Calle 76 87-14 Robledo Palenque, Medellín, Colombia

Con tecnología Koha